Improvements and development in the public service for the year 1992 / (Record no. 2034)

000 -LEADER
fixed length control field nam a22 7a 4500
005 - DATE AND TIME OF LATEST TRANSACTION
control field 20170515092050.0
008 - FIXED-LENGTH DATA ELEMENTS--GENERAL INFORMATION
fixed length control field 170515b1993 my ||||| |||| 00| 0 eng d
040 ## - CATALOGING SOURCE
Original cataloging agency AKMAL
082 ## - DEWEY DECIMAL CLASSIFICATION NUMBER
Classification number 354.595 AHM
090 ## - LOCALLY ASSIGNED LC-TYPE CALL NUMBER (OCLC); LOCAL CALL NUMBER (RLIN)
Classification number (OCLC) (R) ; Classification number, CALL (RLIN) (NR) 354.595
Local cutter number (OCLC) ; Book number/undivided call number, CALL (RLIN) AHM
100 0# - MAIN ENTRY--PERSONAL NAME
Personal name Ahmad Sarji bin Abdul Hamid,
9 (RLIN) 4207
245 10 - TITLE STATEMENT
Title Improvements and development in the public service for the year 1992 /
Statement of responsibility, etc. report by Ahmad Sarji bin Abdul Hamid.
260 ## - PUBLICATION, DISTRIBUTION, ETC.
Place of publication, distribution, etc. [Kuala Lumpur] :
Name of publisher, distributor, etc. Government of Malaysia,
Date of publication, distribution, etc. 1993
300 ## - PHYSICAL DESCRIPTION
Extent xiv,704p. [8]p. of plates :
Other physical details ill. (some col.), facsims.,forms,ports. ;
Dimensions 25cm
710 1# - ADDED ENTRY--CORPORATE NAME
Corporate name or jurisdiction name as entry element Malaysia
9 (RLIN) 400
852 41 - LOCATION
Location British Library
Sublocation or collection HMNTS
942 ## - ADDED ENTRY ELEMENTS (KOHA)
Source of classification or shelving scheme
Koha item type Book
Holdings
Withdrawn status Lost status Source of classification or shelving scheme Damaged status Not for loan Collection code Home library Current library Shelving location Date acquired Inventory number Total Checkouts Full call number Barcode Date last seen Price effective from Koha item type
          NON-FICTION AKMAL Melaka AKMAL Melaka PINJAMAN 15.05.2017 302421   354.595 AHM 201706125 15.05.2017 15.05.2017 Book
Pusat Sumber Maklumat Dato' Haji Sarmin Md Hussin, Akademi Kastam Diraja Malaysia, Melaka
Tel: 06-2331106 | Faks: 06-2313787